| 000 | 04041cam a2200385 i 4500 | ||
|---|---|---|---|
| 001 | 20429917 | ||
| 003 | NUST | ||
| 005 | 20221017141018.0 | ||
| 008 | 180402s2019 flua b 001 0 eng | ||
| 010 | _a 2018015502 | ||
| 020 | _a9780815369820 (paperback : acidfree paper) | ||
| 020 | _a9781138320840 (hardback : acidfree paper) | ||
| 020 |
_z9781351251365 _qebook |
||
| 040 |
_aDLC _beng _cDLC _erda _dDLC |
||
| 042 | _apcc | ||
| 050 | 0 | 0 |
_aT59.5 _b.A76 2019 |
| 082 | 0 | 0 |
_a006.3, ART _223 |
| 245 | 0 | 0 |
_aArtificial intelligence safety and security / _cedited by Roman V. Yampolskiy, Computer Engineering and Computer Science, Speed School of Engineering, University of Louisville. |
| 250 | _aFirst edition. | ||
| 264 | 1 |
_aBoca Raton : _bCRC Press/Taylor & Francis Group, _c[2019] |
|
| 300 |
_axxix, 443 pages : _billustrations ; _c25 cm. |
||
| 336 |
_atext _2rdacontent |
||
| 337 |
_aunmediated _2rdamedia |
||
| 338 |
_avolume _2rdacarrier |
||
| 490 | 0 | _aChapman & Hall/CRC artificial intelligence and robotics series | |
| 505 | _aChapter 1: Why the Future Doesn’t Need Us (Page-1), Chapter 2: The Deeply Intertwined Promise and Peril of GNR (Page-21),Chapter 3: The Basic AI Drives (Page-47),Chapter 4: The Ethics of Artificial Intelligence (Page-57),Chapter 5: Friendly Artificial Intelligence: The Physics Challenge (Page-71),Chapter 6: MDL Intelligence Distillation: Exploring Strategies for Safe Access to Superintelligent Problem-Solving Capabilities (Page-75),Chapter 7: The Value Learning Problem (Page-89),Chapter 8: Adversarial Examples in the Physical World (Page-99),Chapter 9: How Might AI Come About?: Different Approaches and Their Implications for Life in the Universe (Page-113),Chapter 10: The MADCOM Future: How Artificial Intelligence Will Enhance Computational Propaganda, Reprogram Human Culture, and Threaten Democracy … and What can be Done About It (Page-127),Chapter 11: Strategic Implications of Openness in AI Development (Page-145),Chapter 12: Using Human History, Psychology, and Biology to Make AI Safe for Humans (Page-167),Chapter 13: AI Safety: A First-Person Perspective (Page-199),Chapter 14: Strategies for an Unfriendly Oracle AI with Reset Button (Page-207),Chapter 15: Goal Changes in Intelligent Agents (Page-217),Chapter 16: Limits to Verification and Validation of Agentic Behavior (Page-225),Chapter 17: Adversarial Machine Learning (Page-235),Chapter 18: Value Alignment via Tractable Preference Distance (Page-249),Chapter 19: A Rationally Addicted Artificial Superintelligence (Page-263),Chapter 20: On the Security of Robotic Applications Using ROS (Page-273),Chapter 21: Social Choice and the Value Alignment Problem (Page-291), Chapter 22: Disjunctive Scenarios of Catastrophic AI Risk (Page-315),Chapter 23: Offensive Realism and the Insecure Structure of the International System: Artificial Intelligence and Global Hegemony (Page-339),Chapter 24: Superintelligence and the Future of Governance: On Prioritizing the Control Problem at the End of History (Page-357),Chapter 25: Military AI as a Convergent Goal of Self-Improving AI (Page-375),Chapter 26: A Value-Sensitive Design Approach to Intelligent Agents (Page-395), Chapter 27: Consequentialism, Deontology, and Artificial Intelligence Safety (Page-411),Chapter 28: Smart Machines ARE a Threat to Humanity (Page-423). | ||
| 650 | 0 |
_aAutomation _xSafety measures. _9100505 |
|
| 650 | 0 |
_aAutomation _xSecurity measures. _9100506 |
|
| 650 | 0 |
_aArtificial intelligence _xSafety measures. _9100507 |
|
| 650 | 0 |
_aArtificial intelligence _xMoral and ethical aspects. _9100508 |
|
| 700 | 1 |
_aYampolskiy, Roman V., _eeditor. _9100509 |
|
| 906 |
_a7 _bcbc _corignew _d1 _eecip _f20 _gy-gencatlg |
||
| 942 |
_2ddc _cBK |
||
| 999 |
_c591876 _d591876 |
||